000 00690nam a2200229 i 4500
001 C2-0175055
003 PPAK
005 20180728094544.0
008 980926s1987 my |||| ||||| | may d
040 _aPPAK
_beng
_cPPAK
_erda
082 0 4 _a899.231
_2 23
090 0 0 _a899.231
_bGEM
_dKIH
245 0 0 _aGema membelah gema 8 :
_bantologi puisi Hari Puisi Nasional Kesepuluh
264 1 _aKota Kinabalu, Sabah :
_bJawatankuasa Penyelenggara Hari Puisi Nasional Kesepuluh ,
_c1987
300 _ax, 67 pages ;
_c21 cm
336 _2rdacontent
_atext
337 _2rdamedia
_aunmediated
338 _2rdacarrier
_avolume
650 1 0 _aMalay poetry.
700 _eauthor
942 _ddc
_cB
999 _c155390
_d155390